| 000 | 00773nam a2200205 4500 | ||
|---|---|---|---|
| 008 | 070227s2005 ilua b 001 0 eng | ||
| 020 | _a1589971280 :Php300 | ||
| 090 |
_aHQ770.4 _bW57c |
||
| 100 | 1 | _aWhelchel, Lisa. | |
| 245 | 1 | 0 |
_aCreative correction : _bextraordinary ideas for everyday discipline / _cLisa Whelchel ; [foreword by Stormie Omarian]. |
| 260 |
_aWheaton, Ill. : _bTyndale House Publishers, _cc2005. |
||
| 300 |
_a367 p. : _bill. ; _c23 cm. |
||
| 500 | _a"Focus on the Family"--Cover. | ||
| 500 | _a"Updated with new toddler tips & study guide"--Cover. | ||
| 504 | _aIncludes bibliographical references. | ||
| 650 | 4 |
_aDiscipline of children _xReligious aspects _xChristianity. |
|
| 650 | 4 | _aDiscipline of children. | |
| 951 | _x00034306 | ||
| 942 | _2lcc | ||
| 999 |
_c28699 _d28699 |
||